ბათუმის შოთა რუსთაველის სახელმწიფო უნივერსიტეტის ბიბლიოთეკა

გილგამეშიანი : ძველი შუამდინარული ეპოსი / (ბიბ.ჩანაწერი № 55987)

000 -ლიდერი
ფიქსირებული სიგრძის საკონტროლო ველი 01119nam a2200241Ia 4500
001 - საკონტროლო ნომერი
საკონტროლო ველი 23086
003 - საკონტროლო ნომრის იდენტიფიკატორი
საკონტროლო ველი GE_BSU
005 - ბოლო ოპერაციის თარიღი და დრო
საკონტროლო ველი 20230707172413.0
008 - ფიქსირებული სიგრძის მონაცემთა ელემენტები - ზოგადი ინფორმაცია
ფიქსირებული სიგრძის საკონტროლო ველი 181216s1984||||ge |||||||||||||| ||geo||
040 ## - კატალოგიზაციის წყარო
Transcribing agency GE_BSU
041 ## - ენის კოდი
Language code of text/sound track or separate title geo
080 ## - უნივერსალური ათობითი კლასიფიკაციის ინდექსი
Universal Decimal Classification number 821.411.11-13 გ-49
245 ## - ცნობა სათაურის შესახებ
Title გილგამეშიანი : ძველი შუამდინარული ეპოსი /
Statement of responsibility, etc რედ. ბ. ბრეგაძე ; აქადურიდან და შუმერულიდან თარგმნა ზ. კიკნაძემ.
264 ## - წარმოების, გამოცემის, დისტრიბუციის და სხვა ცნობები
გამოცემის, წარმოების, დისტრიბუციის... ადგილი თბილისი :
გამოცემის, წარმოების, დისტრიბუციის... სახელწოდება განათლება,
გამოცემის, წარმოების, დისტრიბუციის... თარიღი 1984.
300 ## - ფიზიკური აღწერა
Extent 142 გვ. ;
Dimensions 21 სმ.
653 ## - INDEX TERM--UNCONTROLLED
Uncontrolled term ასურულ-ბაბილონური ეპოქის ძეგლი
653 ## - INDEX TERM--UNCONTROLLED
Uncontrolled term გილგამეშიანი
653 ## - INDEX TERM--UNCONTROLLED
Uncontrolled term ძველი შუამდინარული ეპოსი
700 ## - ADDED ENTRY--PERSONAL NAME
Personal name ბრეგაძე, ბ.
Relator term რედაქტორი
9 (RLIN) 17380
700 ## - ADDED ENTRY--PERSONAL NAME
Personal name კიკნაძე, ზ.
Relator term მთარგმნელი
9 (RLIN) 19206
942 ## - ADDED ENTRY ELEMENTS (KOHA)
Koha item type წიგნი
Source of classification or shelving scheme
ეგზემპლარები
ჩამოწერის სტატუსი დაკარგული ეგზემპლარის სტატუსი კლასიფიკაციის წყარო ან თაროზე გაწყობის სქემა დაზიანების სტატუსი არ გაიცემა მუდმივი მდებარეობა (დაცვის ადგილი) ამჟამინდელი ადგილსამყოფელი თაროზე განთავსების ადგილი შეძენის თარიღი ღირებულება, შესყიდვის ნორმალური ფასი სრული შენახვის შიფრი შტრიხკოდი ბოლო ოპერაციის თარიღი ეგზემპლარის მიმდევრობითი ნომერი (კეტერი?) ფასის ძალაში შესვლის თარიღი ეგზემპლარის სახეობა საჯარო შენიშვნა Uniform Resource Identifier
          ბათუმის შოთა რუსთაველის სახელმწიფო უნივერსიტეტის მთავარი ბიბლიოთეკა ბათუმის შოთა რუსთაველის სახელმწიფო უნივერსიტეტის მთავარი ბიბლიოთეკა წიგნსაცავი 2018-12-17 0.80 821.411.11-13 გ-49 58511 2018-12-17 58511 2018-12-17 წიგნი 0.80 ₾.  
          ბათუმის შოთა რუსთაველის სახელმწიფო უნივერსიტეტის მთავარი ბიბლიოთეკა ბათუმის შოთა რუსთაველის სახელმწიფო უნივერსიტეტის მთავარი ბიბლიოთეკა წიგნსაცავი 2023-07-12 5.00 821.411.11-13 გ-49 64944 2023-07-12 64944 2023-07-12 წიგნი 5.00 ბსუ-ს საპატიო დოქტორის გურამ ლორთქიფანიძის საჩუქარი